000 00541nam a22001577a 4500
999 _c535617
_d535617
020 _qHard Cover.
082 _a621.3
100 _aRaees, Aqsa
245 _aFUZZY MODEL BASED GENERALIZED PREDICTIVE CONTROL OF A CLASS OF NONLINEAR SYSTEMS WITH CONTRAINTS HANDLING /
_cAqsa Raees.
260 _aIslamabad.
_bPNEC NUST,
_c2013.
300 _a122 p. :
_bill. ;
_c30cm.
942 _2ddc
_cTHE
650 _aElectrical Engineering MS-Thesis.
_916073
700 _6Dr. Muhammad Bilal Kadri